| 000 | 01364nam a2200277Ia 4500 | ||
|---|---|---|---|
| 999 |
_c54946 _d54946 |
||
| 001 | 22017 | ||
| 003 | GE_BSU | ||
| 005 | 20220927110044.0 | ||
| 008 | 181216s ||||ge |||||||||||||| ||geo|| | ||
| 020 | _a9789941409134 | ||
| 040 | _cGE_BSU | ||
| 041 | _ageo | ||
| 080 | _a821.353.1.092(წერეთელი, ა.) თ-16 | ||
| 100 |
_aთავბერიძე, თეა _95763 |
||
| 245 |
_aაკაკი წერეთლის სატირული ლირიკის რიტორიკა / _cთეა თავბერიძე ; რედ. თინა შიოშვილი. |
||
| 264 |
_aბათუმი : _bშოთა რუსთაველის სახელმწ. უნ-ტი, _c2009. |
||
| 300 |
_a124 გვ. ; _c20 სმ. |
||
| 504 | _aბიბლიოგრაფია გვ. : 118-120 | ||
| 541 | _h5ლ. | ||
| 546 | _aრეზიუმე ინგლისურ და რუსულ ენებზე | ||
| 653 | _aაკაკი წერეთლის სატირული ლირიკის რიტორიკა | ||
| 653 | _aქართული ლიტერატურა | ||
| 653 | _aქართული სატირული პოეზია | ||
| 700 |
_aშიოშვილი, თინა _eრედაქტორი _914833 |
||
| 942 |
_cBK _2udc |
||